书目信息 |
| 题名: |
薄厚膜混合集成电路
|
|
| 作者: | 胡忠胥 编 | |
| 分册: | ||
| 出版信息: | 北京 国防工业出版社 1982 |
|
| 页数: | 456页 | |
| 开本: | 25cm | |
| 丛书名: | ||
| 单 册: | ||
| 中图分类: | TN45 | |
| 科图分类: | ||
| 主题词: | 薄膜集成电路:厚膜集成电路 , 厚膜集成电路:薄膜集成电路 | |
| 电子资源: | ||
| ISBN: | ||
| 000 | 00653nam0 2200241 45 | |
| 001 | 0182006600 | |
| 005 | 20060814105551.93 | |
| 010 | @dCNY2.95 | |
| 091 | @a15034.2337 | |
| 100 | @a19950603d1982 emky0chiy0121 ea | |
| 101 | 0 | @achi |
| 102 | @aCN@b110000 | |
| 105 | @ay z 000yy | |
| 200 | 10 | @a薄厚膜混合集成电路@Abo hou mo hun he ji cheng dian lu@f胡忠胥编 |
| 210 | @a北京@c国防工业出版社@d1982 | |
| 215 | @a456页@d25cm | |
| 606 | @a薄膜集成电路:厚膜集成电路 | |
| 606 | @a厚膜集成电路:薄膜集成电路 | |
| 690 | @aTN45@v3 | |
| 701 | 0 | @a胡忠胥@Ahu zhong xu@4编 |
| 801 | 2 | @aCN@bNLC@c20060814 |
| 801 | 0 | @aCN@bTSSF |
| 905 | @a10447@dTN45@e104 | |
| 薄厚膜混合集成电路/胡忠胥编.-北京:国防工业出版社,1982 |
| 456页;25cm |
| ISBN :CNY2.95 |
| ● |
| 相关链接 |
|
|
|
|
正题名:薄厚膜混合集成电路
索取号:TN45/104
 
预约/预借
| 序号 | 登录号 | 条形码 | 馆藏地/架位号 | 状态 | 备注 |
| 1 | 0458140 | 204581407 | 密集书库/ [索取号:TN45/104] | 在馆 |